Diccionarios

Сохранить в:
Библиографические подробности
Главные авторы: Ocampo de Gómez, Aurora M. (autora), Prado Velázquez, Ernesto (Автор)
Формат:
Язык:испанский
Опубликовано: Ciudad de México UNAM Centro de Estudios Literarios 1967
Предметы:
Метки: Добавить метку
Нет меток, Требуется 1-ая метка записи!

MARC

LEADER 00000nam a2200000 a 4500
001 UCZ6379
003 CL-VaPUC
008 951211e19670000MX |||||||||||||||||spa|d
082 0 4 |a Me860.03  |b OCA  |2 21 
100 |a Ocampo de Gómez, Aurora M.  |e autora  |9 350644 
700 0 |a Prado Velázquez, Ernesto  |e author  |9 350645 
245 1 0 |a Diccionarios 
246 1 0 |a Diccionario de escritores mexicanos 
300 |a 422 p 
942 |c BK 
945 |d 19951211 00:00:00  |a rleighto 
260 |a Ciudad de México  |b UNAM Centro de Estudios Literarios  |c 1967 
650 7 |a ESCRITORES MEXICANOS  |2 CL-VaPUC  |9 350646 
650 0 |a Escritores mexicanos  |9 350647 
650 0 |a Novelas mexicanas  |9 317570 
650 7 |a POESIAS MEXICANAS  |2 CL-VaPUC  |9 314784 
650 7 |a DRAMAS MEXICANOS  |2 CL-VaPUC  |9 321775 
650 7 |a ENSAYOS MEXICANOS  |2 CL-VaPUC  |9 315571 
650 0 |a Diccionarios  |9 256200 
583 |a last modification  |c 19951211 00:00:00  |k Rodrigo Vera 
999 |c 242587  |d 242585 
952 |0 0  |1 0  |4 0  |6 ME_860_030000000000000_OCA_1967  |7 0  |8 X  |9 255634  |a BIBEDU  |b BIBEDU  |d 2019-11-19  |i 3160297  |o Me860.03 OCA 1967  |p 3160297  |r 2023-01-13  |w 2019-11-19  |y BK_X  |k LIT